000 00566nam a2200169Ia 4500
003 IN-BaIIA
008 211028s9999 xx s 000 0 eng d
020 _a9780819437037 (Print)
040 _cIIA Library
100 _aNgan, King Ngi, ed.
_948605
245 0 _aVisual Communications and Image Processing 2000
_h[eBook]
260 _aWashington, USA
_bSPIE
_c2000
300 _aOnline resource
490 _aProceedings of SPIE; V. 4067
856 _uhttps://www.spiedigitallibrary.org/conference-proceedings-of-spie/4067
_yClick Here to Access eBook
942 _cEB
999 _c33642
_d33642